000 01127nam a2200301 i 4500
001 180884
003 ES-MaACL
005 20230930212211.0
008 120807s2006 sp cdfo |||| | spa d
020 _a84-9768-286-6
080 _a334.726(460)
100 1 _aGuillén, Mauro F.
_960770
245 1 3 _aEl auge de la empresa multinacional española /
_cMauro F. Guillén ; traducción de Purificación Flórez.
260 _aMadrid :
_bMarcial Pons, Ediciones Jurídicas y Sociales,
_c2006.
300 _a282 p., [16] p. de lám. fot. :
_bgráf. ;
_c24 cm.
490 1 _aEconomía y empresa ;
_v6
500 _aÍndice.
504 _aBibliografía: p. [255]-271.
650 0 7 _aMultinacionales-
_zEspaña.
_915355
700 1 _aFlórez, Purificación.
_9151242
710 2 _aFundación Rafael del Pino.
_94399
830 0 _aEconomía y empresa ;
_v6
_9180436
852 _aES-MaACL
_jA-12163
_9187761
_bR.147105
_cDEPO1
_dOlim: N-5168
_xDonación: Real Academia Española
903 _aReal Academia Española
914 _96336
_aReal Academia Española
_ednr
942 _2udc
_cMONOGRAFIA
999 _c180884
_d180884